Clock repairing as a hobby /

Bibliographic Details
Main Author: Kelly, Harold Caleb
Format: Book
Language:English
Published: New York : Association Press, [1972]
Subjects:

MARC

Tag First Indicator Second Indicator Subfields
LEADER 00000cam a2200000 4500
001 in00000094064
005 20150927070245.0
008 720504s1972 nyua b 00010 eng
010 |a  71167882  
020 |a 0809618362  |c $4.95 
035 |a (OCoLC)00323752 
035 |9 AAL5919AM 
040 |a DLC  |c DLC  |d TXA  |d UtOrBLW 
049 |a TXAM  |c [1023801] 
050 0 0 |a TS547  |b .K35 
082 0 |a 681/.113 
100 1 |a Kelly, Harold Caleb. 
245 1 0 |a Clock repairing as a hobby /  |c [by] Harold C. Kelly. 
264 1 |a New York :  |b Association Press,  |c [1972] 
300 |a 124 pages :  |b illustrations ;  |c 22 cm. 
336 |a text  |b txt  |2 rdacontent 
337 |a unmediated  |b n  |2 rdamedia 
338 |a volume  |b nc  |2 rdacarrier 
504 |a Bibliography: pages 123-124. 
650 0 |a Clocks and watches  |x Repairing. 
999 |a MARS 
999 f f |s cb32b6d8-2650-3428-8ab5-cd29ee5e71a5  |i 971192f4-b6a4-3867-b495-0717e20b29c6  |t 0 
952 f f |p ric  |a Texas A&M University  |b Rellis Campus  |c Joint Library Facility  |d Remote Storage  |t 0  |e TS547 .K35  |h Library of Congress classification  |i unmediated -- volume  |m A14805648088 
998 f f |a TS547 .K35  |t 0  |l Remote Storage